000 00562nam a2200181Ia 4500
008 151018s9999 xx 000 0 und d
082 _bRBASDV8597
_a891.463
100 _aइयान फ्लेमिंग
245 _aथंडर बॉल
250 _b2
260 _bराजस प्रकाशन नाशिक
_c1971
300 _a189
600 _aइयान फ्लेमिंग
630 _aथंडर बॉल
700 _aइयान फ्लेमिंग
730 _aथंडर बॉल
942 _cBOOK
999 _c1010961
_d1010958